All U.S. States and Canadian Provinces by Proximity to Vancouver - Statistics

General Stats
  • This quiz has been taken 20 times
  • The average score is 39 of 63
Answer Stats
Distance Answer % Correct
303.1 Alberta
94%
0 British Columbia
94%
24.1 Washington
83%
501.1 California
78%
208.1 Oregon
78%
275.4 Idaho
72%
742.2 Northwest Territories
67%
1115.3 Nunavut
67%
1231.1 Ontario
67%
1851.9 Quebec
67%
742.5 Yukon
67%
2686.4 Hawaii
67%
2405.4 Maine
67%
1924.3 Mississippi
67%
1006.2 Nebraska
67%
524 Nevada
67%
859.9 North Dakota
67%
589 Saskatchewan
67%
665.6 Utah
67%
957.5 Manitoba
61%
2651.5 Prince Edward Island
61%
889.5 Colorado
61%
2229.6 Florida
61%
1782.6 Indiana
61%
1513.5 Michigan
61%
319.8 Montana
61%
1101.3 New Mexico
61%
2113.4 New York
61%
1905.5 Ohio
61%
1314.1 Oklahoma
61%
914.7 South Dakota
61%
1337.9 Texas
61%
2017.1 Alabama
56%
960.9 Arizona
56%
494.5 Arkansas
56%
1675.7 Arkansas
56%
2326.5 Newfoundland and Labrador
56%
2643.5 Nova Scotia
56%
2381.4 Delaware
56%
2131 Georgia
56%
1616 Illinois
56%
1211 Kansas
56%
1885.1 Kentucky
56%
1864.2 Louisiana
56%
2215.2 Maryland
56%
2389.4 Massachusetts
56%
1164.5 Minnesota
56%
1455.5 Missouri
56%
2393.7 New Hampshire
56%
2365.5 New Jersey
56%
2178.5 North Carolina
56%
2089.4 Pennsylvania
56%
2479.6 Rhode Island
56%
2239.7 South Carolina
56%
2315.2 Vermont
56%
2125.1 West Virginia
56%
637.7 Wyoming
56%
2436 New Brunswick
50%
2402.8 Connecticut
50%
1317.1 Iowa
50%
1894 Tennessee
50%
2147.8 Virginia
50%
1423.3 Wisconsin
50%
No matching quizzes found
Score Distribution
Percent of People with Each Score
Percentile by Number Answered
Your Score History
You have not taken this quiz